Normal view
MARC view
Entry Nombre geográfico
001 - NÚMERO DE CONTROL
- campo de control: 84563
003 - IDENTIFICADOR DEL NÚMERO DE CONTROL
- campo de control: DO-SdBNP
005 - FECHA Y HORA DE LA ÚLTIMA TRANSACCIÓN
- campo de control: 20231102121138.0
008 - DATOS DE LONGITUD FIJA
- campo de control de longitud fija: 231102|| aca||aabn | a|a d
040 ## - FUENTE DE LA CATALOGACIÓN
- Centro catalogador/agencia de origen: DO-SdBNP
- Centro/agencia transcriptor: DO-SdBNP
151 ## - ENCABEZAMIENTO--NOMBRE GEOGRÁFICO
- Nombre geográfico: República Dominicana
- Subdivisión general: Política y gobierno
- Subdivisión cronológica: 1844-1930
- Subdivisión de forma: Fuentes
670 ## - FUENTE DE DATOS ENCONTRADOS
- Cita de la fuente: Work cat.: (DO-SdBNP)48448: Vega, Bernardo, 1938 - 3222, El ascenso de Trujillo al poder 1929-1930 /, 2016.
